Top 50 Animated Movies - Statistics

General Stats
  • This quiz has been taken 54 times
  • The average score is 12 of 50
Answer Stats
Release Date Answer % Correct
1995 Toy Story
79%
2013 Frozen
64%
2019 The Lion King
62%
1994 The Lion King
62%
2001 Shrek
55%
2009 Up
55%
2018 Spiderman: Into The Spider-Verse
51%
2008 Wall-E
49%
2006 Cars
47%
2003 Finding Nemo
47%
2004 The Incredibles
47%
2016 Moana
43%
2010 Tangled
43%
2001 Monsters Inc.
38%
1989 The Little Mermaid
38%
2017 Coco
36%
2015 Inside Out
36%
2007 Ratatouille
36%
2021 Encanto
30%
2023 Spiderman: Across The Spider-Verse
30%
2001 Spirited Away
30%
1998 A Bug's Life
19%
2004 Howl's Moving Castle
19%
2008 Kung-Fu Panda
17%
2022 Pinocchio
17%
2018 The Incredibles 2
17%
2023 Elemental
15%
2016 Sing
15%
2009 Coraline
13%
1997 Hercules
11%
2022 Puss in Boots: The Last Wish
11%
2013 The Croods
11%
2009 Fantastic Mr. Fox
9%
2016 Your Name
9%
2021 Sing 2
4%
2022 Suzume
4%
2012 The Lorax
4%
2023 The Super Mario Bros. Movie
4%
2004 Shark Tale
2%
2022 Strange World
2%
2019 Uglydolls
2%
2023 Wish
2%
2016 Zootropolis
2%
2023 Demon Slayer: Kimetsu No Yaiba
0%
2022 Luck
0%
2023 Mummies
0%
2024 Sonic The Hedgehog 3
0%
2023 Strays
0%
2023 Teenage Mutant Ninja Turtles: Mutant Mayhem
0%
2022 The Bad Guys
0%
No matching quizzes found
Score Distribution
Percent of People with Each Score
Percentile by Number Answered
Your Score History
You have not taken this quiz